Постановление ГКО СССР № 3137 сс о прицелах для самолетов Ил-2 и Пе-2, с приложением докладных записок Устинова Д. Ф., Репина А....

RUSMARC
00004764cbm0a2200313#x 450
0017b8d8054-ea40-4783-a498-6d4a7ee003fb
00520241001160626.0
100##$a20240930j19430406k###0rusy50 ca
1010#$arus
102##$aRU
105##$ay###z########
1220#$ad19430406##
2001#$aПостановление ГКО СССР № 3137 сс о прицелах для самолетов Ил-2 и Пе-2, с приложением докладных записок Устинова Д. Ф., Репина А. К., Шахурина А. И. Сталину И. В., Селезнева И. в ГКО
$j6 апреля 1943 г.
251##$cДокумент
300##$aРассылочный и подлинный экземпляры
461#0$12001
$aФ. 644
$1251
$cФонд
$1852
$j644
462#0$12001
$aОп. 1
$1251
$cОпись
$1852
$j1
60101$2nlr_sh
$3RU\NLR\AUTH\661357733
$aСССР
$bГосударственный Комитет Обороны
$xИстория
$jДокументы и материалы
605##$2acquisition_Prlib
$3LIBNET\UAF\0000088514
$aВторая мировая война в архивных документах (Комплекс оцифрованных архивных документов, кино- и фотоматериалов)
$lколлекция
605##$2acquisition_Prlib
$3DITM\AF\0000002775
$aВласть
$lколлекция
6061#$2prlib_sh
$3LIBNET\UAF\0000110538
$aАвиационная промышленность
$yСССР
$z1941-1945
$jДокументы и материалы
686##$a65.03(2)622ю1
$2rubbk
$vLBC/M
686##$a63.3(2)622,12ю1
$2rubbk
$vLBC/M
686##$a39.53(2)г.ю1
$2rubbk
$vLBC/M
801#0$aRU
$bПБ им. Б.Н. Ельцина
$c20240930
801#1$aRU
$bПБ им. Б.Н. Ельцина
$c20240930
$2rusmarc
801#2$aRU
$bПБ им. Б.Н. Ельцина
$c20241001
$2rusmarc
850##$aРоссийский государственный архив социально-политической истории
852##$aРГАСПИ
$jД. 102. Л. 20-20об.; Оп. 2. Д. 153. Л. 29-33
035##$aLIBNET\0001426430
937##$d194149629
$hФедеральное архивное агентство
8564#$uhttp://readingroom.main.prlib.ru/item.aspx?id_node=n194149629&mode=full
Формат отображения